000 00916nam a2200253Ia 4500
003 OSt
005 20220923211019.0
006 a|||||r|||| 00| 0
007 ta
008 220922b |||||||| |||| 00| 0 hin d
020 _a8170555221 (hbk)
_c175
024 _a235,276
037 _b481, 21/03/2008, Vani Prakashan
_cTextual
040 _aARTS
_cARTS
_bhin
041 _2hin
_ahin
082 _aO152,1:g(/\251), P4
100 _aराजदेव सिंह
_9157135
245 0 _aनिर्गुण रामभक्ति और दलित जातियॉं
246 _aNirguṇ rāmabhakti aur dalit jātiyaॉan
260 _aनयी दिल्ली
_b वाणी प्रकाशन
_c2004
300 _a192पृ.
_ccm.
942 _hO152,1:g(/\251), P4
_cTEXL
_2CC
999 _c293918
_d293918